000 00365nam a2200145 a 4500
005 20140414131936.0
008 110119s19uu xx 00 eng d
050 _aREF 611
_bP22 2000
100 _aParker, Steve
245 _aBody atlas lungs, heart and bloods.
260 _bWS Pacific,
_c2006.
650 _aCirculatory system
650 _a
999 _c112441
_d112441